標高2000m以上の山 - Statistics

General Stats
  • This quiz has been taken 11 times
  • The average score is 4 of 14
Answers on the Grid
Answers color-coded by a green-red scale on the quiz's grid according to % correct below.
大雪山
岩手山
白根山
甲武信ヶ岳
雲取山
妙高山
蓼科山
剣岳
北穂高岳
赤石岳
利尻山
夕張岳
早池峰山
八甲田山
栗駒山
那須茶臼岳
安達太良山
弥山
阿蘇山
宮之浦岳
富士山
キラウエア火山
アポイ岳
筑波山
岩木山
石鎚山
弥彦山
十勝岳
鳥海山
男体山
 
Answer Stats
Answer % Correct
赤石岳
100%
白根山
67%
雲取山
67%
甲武信ヶ岳
33%
剣岳
33%
北穂高岳
33%
富士山
33%
大雪山
0%
岩手山
0%
妙高山
0%
蓼科山
0%
十勝岳
0%
鳥海山
0%
男体山
0%
No matching quizzes found
Score Distribution
Percent of People with Each Score
Percentile by Number Answered
Your Score History
You have not taken this quiz